Elimination - Video Game Characters #2 - Statistics

General Stats
  • This quiz has been taken 16 times
  • The average score is 2 of 7
Answer Stats
Hint # Answer % Correct
... Begins with B 51
100%
... Not a Nintendo Character 39
54%
... Uses Guns 14
38%
... Is in a FPS 6
15%
... Game DOES NOT takes place in a modern / futuristic setting 3
8%
... Is a professional soldier 2
8%
... Fought in WW2 1 B.J. Blazkowicz
0%
No matching quizzes found
Score Distribution
Percent of People with Each Score
Percentile by Number Answered
Your Score History
You have not taken this quiz